Quiz Żużlowy - Statystyki

Ogólne statystyki
  • Ten quiz został rozwiązany 30 razy
  • Średni wynik to 7 z 11
Statystyki odpowiedzi
Podpowiedź Odpowiedź % Poprawnych
Srebrny medalista cyklu SGP w 2025. Brady Kurtz
89%
Tegoroczny spadkowicz z PGE Ekstraligi. Row Rybnik
78%
Tyle punktów zdobył Maks Pawełczak w swoim doskonałymdebiucie ze Stalą Gorzów. 10
74%
Wygrali tegoroczny SON. Australia
70%
Ta drużyna ma dołączyć do polskich lig w 2026. Śląsk Świętochłowice
70%
Ten kraj zadebiutował w tym roku w rozgrywkach SON. Argentyna
67%
Sponsor tytularny 2. ekstraligi. Metalkas
67%
Wygrali tegoroczny SON 2. Niemcy
63%
Tegoroczny zwycięzca DMPJ. Polonia Bydgoszcz
56%
Mistrz świata juniorów 2025. Nazar Parnitskyi
44%
Trener Poloni Piła a także zawodnik w 2025. Norbert Kościuch
37%
Nie znaleziono quizów pasujących do podanych kryteriów
Rozkład punktacji
Procent ludzi z każdym wynikiem
Percentyl według liczby udzielonych odpowiedzi
Twoja historia wyników
Nie rozwiązałeś tego quizu